LEADER 01144nam a2200277 i 4500 001 000000214458 003 CaOOAMICUS 005 20151209000000.0 008 151209s1979 it u000 u ita u 013 $a193329 020 $a88-08-04136-0 040 $aSeMil$bita 100 1 $aDellantonio, Anna.$0(OLS)http://semarc/name/76290 245 10$aAtlantino di anatomia del sistema nervoso /$cAnna Dellantonio, Carlo Umiltà ; disegni di Mario Alfonsi. 250 $a2. ed. 260 $aBologna :$bZanichelli,$c1979. 300 $a71 p. :$bill. ;$c24 cm. 650 4$aSistema nervoso - Fisiologia.$0(OLS)http://semarc/subject/12285 700 1 $aAlfonsi, Mario.$0(OLS)http://semarc/name/76291 700 1 $aUmiltà, Carlo.$0(OLS)http://semarc/name/73114 850 $aSeMil 852 $aSeMil$W1$xVenegono$y1$m3X IV 51$j164880$B164880$CSeMilBibl$Z2$F209056 $81 961 $aLascito: Milani don Felice 996 $6020$a88-08-04136-0$9(OLS)http://semarc/number/210709 996 $6245$aAtlantino di anatomia del sistema nervoso$9(OLS)http://semarc/title/308984 996 $6260$aBologna :$bZanichelli$9(OLS)http://semarc/publisher/29934 LEADER 01316nam a2200229 i 4500 001 000000232206 003 CaOOAMICUS 005 20210820102927.0 008 140821s1771 it u000 u fre u 013 $a211109 026 $aouue i.s. a.te Zene (3) 1771 (R) 040 $aSeMil$bita 245 10$aSeconde partie, qui comprend le Vendidad Sadé (c'est-à-dir, l'Izeschné, le Vispered & le Vendidad proprement dit), précedé des notices des manuscrits Zends .. 300 $a[4], CXX, 432 p., [1] carta di tav. 500 $aSegn.: ?² a-p4 A-3H4 773 0 $aZoroaster$tZend-Avesta, ouvrage de Zoroastre, contenant les idées théologiques, physiques & morales de ce législateur, les céremonies du culte religieux ... Traduit en François, sur l'original Zend ... Par M. Anquetil Du Perron ... Tome 1. [-2.].$dA Paris : Chez N. M. Tilliard, Libraire, Quai des Augustins, à S. Benoit, 1771.$g1$w()30374 850 $aSeMil 852 $aSeMil$W1$xVenegono$y1$m2X V 8 FA$j182552$B182552$CSeMilBibl$Z2$F193573 $8I 941 1 $a10 961 $aRecupero: Mantegazza 996 $6245$aSeconde partie, qui comprend le Vendidad Sadé (c'est-à-dir, l'Izeschné, le Vispered & le Vendidad proprement dit), précedé des notices des manuscrits Zends ..$9(OLS)http://semarc/title/331355